| 000 | 01083nam a2200349 i 4500 | ||
|---|---|---|---|
| 001 | 26349 | ||
| 003 | KOSZ 005 | ||
| 005 | 20190723115331.0 | ||
| 008 | 061113s1972 pl a f |000 0 pol | ||
| 015 | _aPB 1973/797 | ||
| 035 | _a(OCoLC)838923384 | ||
| 040 |
_aWA N _cWA N _dKOSZ 005/EC |
||
| 041 | 1 |
_apol _hrus |
|
| 046 | _k1972 | ||
| 080 | _a664.7 | ||
| 650 | 4 | _aTechnologia | |
| 710 | 2 |
_aWydawnictwa Naukowo-Techniczne _4pbl. |
|
| 999 |
_c26349 _d26349 |
||
| 999 | _bap | ||
| 100 | 1 |
_aNazarov, N. I. _eAutor |
|
| 245 | 1 | 0 |
_aTechnologia produkcji makaronów / _cN. I. Nazarov ; tł. Jan Piekarz. |
| 246 | 1 |
_iTyt. oryg.: _aTehnologiâ makaronnogo proizvodstva. |
|
| 260 |
_aWarszawa : _bWydaw. Nauk.-Tech., _c1972. |
||
| 300 |
_a391, [1] s. : _bil. ; _c23 cm. |
||
| 380 | _aKsiążki. | ||
| 388 | _a1901-2000 | ||
| 388 | _a1945-1989 | ||
| 504 | _aBibliogr. | ||
| 650 | 4 | _aMakaron | |
| 700 | 1 |
_aPiekarz, Jan. _eTłumaczenie |
|
| 856 |
_uhttp://koha.tu.koszalin.pl/cgi-bin/koha/opac-detail.pl?biblionumber=26349 _yKatalog online BPK |
||
| 942 |
_2UKD _cKS |
||